Normal view
MARC view
Entry Personal Name
001 - CONTROL NUMBER
- control field: 7711
003 - CONTROL NUMBER IDENTIFIER
- control field: OSt
005 - DATE AND TIME OF LATEST TRANSACTION
- control field: 20211028144220.0
008 - FIXED-LENGTH DATA ELEMENTS
- fixed length control field: 211028|| aca||aabn | a|a d
040 ## - CATALOGING SOURCE
- Original cataloging agency: OSt
- Transcribing agency: OSt
100 ## - HEADING--PERSONAL NAME
- Personal name: Ayoor, Samarth S; Harinakshi.
- Miscellaneous information: 1516137
670 ## - SOURCE DATA FOUND
- Source citation: Work cat.: (OSt): Ayoor, Samarth S; Harinakshi. 1516137, Study on effectiveness of introducing online advertisement on consumer behavior with reference to Siddanth travels., 2017